Oldest Continuously Inhabited Cities - Statistics

General Stats
  • This quiz has been taken 50 times
  • The average score is 3 of 10
Answer Stats
How old is city? City % Correct
>11000 years old Damascus
83%
~7000 years old Athens
74%
~8000 years old Aleppo
48%
<11000 years old Jericho
35%
~5000 years old Sidon
15%
~6000 years old Plovdiv
4%
~5000 years old Byblos
2%
<7000 years old Agros
0%
~4-6000 years old Faiyum
0%
~5000 years old Rayy
0%
No matching quizzes found
Score Distribution
Percent of People with Each Score
Percentile by Number Answered
Your Score History
You have not taken this quiz